Helen Frankenthaler (Record no. 24355)
[ view plain ]
| 000 -LEADER | |
|---|---|
| fixed length control field | 01452nam a2200349Ia 4500 |
| 100 1# - MAIN ENTRY--AUTHOR NAME | |
| Personal name | Rowley, Alison. |
| 245 10 - TITLE STATEMENT | |
| Title | Helen Frankenthaler |
| 260 ## - PUBLICATION, DISTRIBUTION, ETC. (IMPRINT) | |
| Place of publication | London ; |
| -- | New York : |
| Name of publisher | I.B. Tauris ; |
| Place of publication | New York : |
| Name of publisher | Distributed in the USA by Palgrave Macmillan, |
| Year of publication | c2007. |
| 300 ## - PHYSICAL DESCRIPTION | |
| Number of Pages | xv, 166 p., [16] p. of plates : |
| Other physical details | ill. (some col.). |
| 490 1# - SERIES STATEMENT | |
| Series statement | New encounters |
| 650 #0 - SUBJECT ADDED ENTRY--TOPICAL TERM | |
| Topical Term | Painting, Abstract |
| 856 40 - ELECTRONIC LOCATION AND ACCESS | |
| Uniform Resource Identifier | http://site.ebrary.com/lib/rucke/Doc?id=10267542 |
No items available.
